000 00617nam a2200217Ia 4500
003 GCL
008 140319s9999 xx 000 0 ara d
040 _aGCL /
_cGCL
082 0 4 _aط
_b370.113
_bو م
100 1 _aوفاء اشرف
245 1 0 _aرجل الشرطة /
_cوفاء اشرف
700 1 _aعادل البطراوى
260 _a[S.N] :
_bدار الكتاب المصرى ،
_c1991
300 _a16 ص
490 _aموسوعة المهن الميسرة
_v0
650 0 4 _aالاطفال
650 0 4 _aالقصص
650 0 4 _aقصص الاطفال
650 0 4 _aالمهن
942 _2ddc
_cBK
999 _c56888
_d56888